000 00746nam a2200229 i 4500
001 134446
003 ES-MaACL
005 20230906194656.0
007 t|
008 070910s1957 sp ||||1| spa d
100 1 _aQuentin, Patrick.
_994521
245 1 0 _aEnigma para peregrinos /
_cPatrick Quentin [seud. col. de Richar W. Webb y Hugh C. Wheeler] ; traducción de Guillermo Whitelow.
260 _aBarcelona :
_bE.D.H.A.S.A.,
_c[1957]
300 _a254 p. ;
_c18 cm.
490 1 _aEl séptimo cielo
700 1 _aWebb, Richard Wilson.
_9116242
700 1 _aWheeler, Hugh.
_9116618
700 1 _aWhitelow, Guillermo.
_9116701
830 0 _aEl séptimo cielo
_9219848
852 _aES-MaACL
_jC-13938
_bR.41521
999 _c134446
_d134446